SMART LEADERSHIP INSIGHTS FOR CEOS (Record no. 3600)

MARC details
000 -LEADER
fixed length control field 00335nam a2200133Ia 4500
008 - FIXED-LENGTH DATA ELEMENTS--GENERAL INFORMATION
fixed length control field 240624s9999 xx 000 0 und d
041 ## - LANGUAGE CODE
Language code of text/sound track or separate title eng
082 ## - DEWEY DECIMAL CLASSIFICATION NUMBER
Classification number 658.4092 PIR
100 ## - MAIN ENTRY--PERSONAL NAME
Personal name PIRAMAL GITA
245 ## - TITLE STATEMENT
Title SMART LEADERSHIP INSIGHTS FOR CEOS
260 ## - PUBLICATION, DISTRIBUTION, ETC.
Date of publication, distribution, etc. 2005
Place of publication, distribution, etc. New Delhi
Name of publisher, distributor, etc. Penguin Books
300 ## - PHYSICAL DESCRIPTION
Extent 207p. : cm. ; 21
365 ## - TRADE PRICE
Currency code BPS
Holdings
Withdrawn status Lost status Damaged status Not for loan Home library Current library Shelving location Date acquired Source of acquisition Cost, normal purchase price Total Holds Full call number Barcode Date last seen Copy number Price effective from Koha item type
        IMTN IMTN Rack 29-B 06/05/2006 WBD 325.00 266 658.4092 PIR 3600 06/24/2024 1 06/24/2024 Books
Designed & Maintained by: LRC IMT Nagpur Contact: lrc@imtnag.ac.in© 2024. All Rights Reserved.